00823nam a22001697a 4500003000900000008004100009040007100050082001700121100002900138245019300167260003600360300002700396505016200423650001700585650003100602650002000633AR-CdUCM190430b ||||| |||| 00| 0 spa d aMUNICIPALIDAD PROVINCIAL DEL CUSCOcBIBLIOTECA MUNICIPAL DEL CUSCO a011.9 /bY47 aYépez Miranda, Alfredo aHomenaje tributados al Dr. Luis A. Pardo Durand, con motivo de su jubilación como director del museo e instituto arqueológico de la universidad nacional de San Antonio Abad del Cuzco / aCusco :bInca Garcilaso,c1974. a53 páginas ;c22 cm. aContenido: Homenaje al honorable concejo provincial del Cuzco 18 de setiembre de 1970 -- Homenaje al magisterio primario del Cuzco 14 de noviembre de 1970... aBiografía  aHomenaje al Dr. Luis Pardo aMuseo del Cuzco